Bệnh đột quỵ và cách điều trị
Nội dung sách trình bày khái quát về đột quỵ. Trình bày nguyên nhân, triệu chứng, chẩn đoán, điều trị và phòng trừ bệnh đột quỵ. Hướng dẫn cách chăm sóc, chế độ ăn uống, luyện tập cho người bị đột quỵ...
Gardado en:
| Outros autores: | |
|---|---|
| Formato: | Libro |
| Idioma: | Vietnamese |
| Publicado: |
H.
Hồng Đức
2021
|
| Series: | Cẩm nang cho người bệnh
|
| Những chủ đề: | |
| Các nhãn: |
Engadir etiqueta
Sen Etiquetas, Sexa o primeiro en etiquetar este rexistro!
|
| Thư viện lưu trữ: | Thư viện Trường Đại học Nam Cần Thơ |
|---|
| LEADER | 01121nam a22002057a 4500 | ||
|---|---|---|---|
| 001 | NCT_99354 | ||
| 008 | 220312b xxu||||| |||| 00| 0 vie d | ||
| 999 | |c 4970 |d 4970 | ||
| 020 | |a 9786043212617 |c 76000 | ||
| 082 | 0 | 4 | |2 23rd ed. |a 616.81 |b B256Đ |
| 245 | 0 | 0 | |a Bệnh đột quỵ và cách điều trị |c Hoàng Thuý (Biên soạn) |
| 260 | |a H. |b Hồng Đức |c 2021 | ||
| 300 | |a 206 tr. |b Minh họa |c 21cm | ||
| 490 | 0 | |a Cẩm nang cho người bệnh | |
| 520 | 3 | |a Nội dung sách trình bày khái quát về đột quỵ. Trình bày nguyên nhân, triệu chứng, chẩn đoán, điều trị và phòng trừ bệnh đột quỵ. Hướng dẫn cách chăm sóc, chế độ ăn uống, luyện tập cho người bị đột quỵ | |
| 653 | |a Y đa khoa | ||
| 700 | 1 | |a Hoàng Thuý |e Biên soạn | |
| 942 | |2 ddc |c BK | ||
| 952 | |0 0 |1 0 |2 ddc |4 0 |6 616_810000000000000_B256Đ |7 0 |9 22393 |a 000001 |b 000001 |d 2022-03-12 |o 616.81 B256Đ |p MD.19273 |r 2022-03-12 |v 76000.00 |w 2022-03-12 |y BK | ||
| 980 | |a Thư viện Trường Đại học Nam Cần Thơ | ||


